Catálogo público

Conejos para carne;sistemas de producción intensiva / (Record no. 169135)

MARC details
000 -CABECERA
campo de control de longitud fija 00710nam a2200253Ia 4500
001 - NÚMERO DE CONTROL
campo de control Z_5927
003 - IDENTIFICADOR DEL NÚMERO DE CONTROL
campo de control CHAP
008 - DATOS DE LONGITUD FIJA--INFORMACIÓN GENERAL
campo de control de longitud fija 220113s9999 xx 000 0 und d
010 ## - NÚMERO DE CONTROL DE LA BIBLIOTECA DEL CONGRESO
Número de control de LC 169135
040 ## - FUENTE DE LA CATALOGACIÓN
Centro/agencia transcriptor CHAP
082 ## - NÚMERO DE LA CLASIFICACIÓN DECIMAL DEWEY
Número de clasificación 636.9 S2y
100 ## - ENTRADA PRINCIPAL--NOMBRE DE PERSONA
Nombre de persona Scheelje,Reinhard
9 (RLIN) 102929
245 ## - MENCIÓN DE TÍTULO
Título Conejos para carne;sistemas de producción intensiva /
Mención de responsabilidad, etc. por Reinhard Scheelje,Heinrich Niehaus y Klaus Werner.
260 ## - PUBLICACIÓN, DISTRIBUCIÓN, ETC.
Lugar de publicación, distribución, etc. Zaragoza :
Nombre del editor, distribuidor, etc. Acribia,1968,
Fecha de publicación, distribución, etc.
300 ## - DESCRIPCIÓN FÍSICA
Extensión 235 p.:ilus.
500 ## - NOTA GENERAL
Nota general Trad. de la edición en Alemán
650 ## - PUNTO DE ACCESO ADICIONAL DE MATERIA--TÉRMINO DE MATERIA
Término de materia o nombre geográfico como elemento de entrada Cunicultura I.Werner, Klaus II.Niehaus,Heinrich III.t.
9 (RLIN) 143484
901 ## - ELEMENTOS DE DATOS A LOCAL LDA (RLIN)
a 636.9 S2Y
902 ## - ELEMENTOS DE DATOS B LOCAL, LDB (RLIN)
a M
910 ## - DATOS DE OPCIÓN DEL USUARIO (OCLC)
Datos de opción del usuario
942 ## - ELEMENTOS DE PUNTO DE ACCESO ADICIONAL (KOHA)
Tipo de ítem Koha Libro_
942 ## - ELEMENTOS DE PUNTO DE ACCESO ADICIONAL (KOHA)
Tipo de ítem Koha
Holdings
Estado de retiro Estado de pérdida Fuente del sistema de clasificación o colocación Estado dañado No para préstamo Código de colección Localización permanente Ubicación/localización actual Ubicación en estantería Fecha de adquisición Total de préstamos Código de barras Fecha visto por última vez Fecha del último préstamo Número de copia Precio válido a partir de Tipo de ítem Koha
    Dewey Decimal Classification     General Zootecnia Zootecnia   08/12/2010 3 z_5837 28/02/2025 28/02/2025 1 18/01/2022 Libro